000 00686cam a2200253 i 4500
001 1145985
003 YEEZEN
005 20250729150840.0
008 250221s2025 ch a g 000 0 chi d
020 _a9786264192033
_q(平裝) :
_cNT$420
040 _aPTTCL
_bchi
_cPTTCL
042 _anbic
084 _a719
_2ncsclt
090 _a719
100 1 _a沈昌賢
245 1 0 _a還好, 我帶媽媽去看了世界 /
_c沈昌賢(Vocal)著
250 _a初版
260 _a臺北市 :
_b時報文化,
_c2025.02
300 _a254, [1] 面 :
_b彩圖 ;
_c21 公分
490 0 _aAcross ;
_v083.
650 7 _a旅遊文學
_2lcstt.
650 7 _a世界地理
_2lcstt.
942 _2ccl
_cBOOK
999 _c7669
_d7669